01274cam a2200265 a 450000100070000000500170000700800410002401000170006502000250008204300210010705000200012811100800014824502620022826001270049030000540061744000380067150400290070960000270073865000290076570000170079470000310081170000270084271000500086985600890091997176520170121142247.0870708s1988 pauaf b s110 0 eng  a 85043605  a0271006145 :c$42.50 aa------aff-----00aN6260 .C64 19802 aColloquium in Memory of Richard Ettinghausend(1980 :cNew York University)10aContent and context of visual arts in the Islamic world :bpapers from a Colloquium in Memory of Richard Ettinghausen, Institute of Fine Arts, New York University, 2-4 April 1980 /cplanned and organized by Carol Manson Bier ; edited by Priscilla P. Soucek. aUniversity Park :bPublished for the College Art Association of America by the Pennsylvania State University Press,c1988. axxii, 261 p., [15] p. of plates :bill. ;c29 cm. 0aMonographs on the fine arts ;v44 aIncludes bibliographies.10aEttinghausen, Richard. 0aIslamic artvCongresses.1 aBier, Carol.1 aSoucek, Priscilla Parsons.1 aEttinghausen, Richard.2 aNew York University.bInstitute of Fine Arts.423Publisher descriptionuhttp://www.loc.gov/catdir/enhancements/fy1309/85043605-d.html